00214nam a2200085Ia 4500008004100000100002100041245003600062260002100098260000900119170620s9999 xx 000 0 und d aRani- T. Swarupa 0aTeaching of Mathematics- Modern bNew Delhi- A.P.H c2009